| 000 | 00406nam a2200169Ia 4500 | ||
|---|---|---|---|
| 008 | 230524s9999 xx 000 0 und d | ||
| 020 | _a9780198079972 | ||
| 082 |
_a621.4022 _bGHO |
||
| 100 |
_aP.S.Ghoshdastidar _942104 |
||
| 245 | 0 | _aHeat Transfer | |
| 250 | _a2 | ||
| 260 |
_aNew Delhi _bOxford _c2012 |
||
| 300 | _a"XX,619p;" | ||
| 500 | _aQuantity Number: 1 | ||
| 650 | _aElectrical | ||
| 942 | _cBK | ||
| 999 |
_c56509 _d56509 |
||